Szczegóły MARC21

Lese- und Lebenserfahrungen mit der deutschsprachigen Literatur 1890-1945 : eine Literaturgeschichte für Buchliebhaber /

003 -Nazwa inst., której nr kontr. jest w polu 001 [,]
    • @
    • Nazwa instytucji, której n kontrolny jest w polu 001
    • NUKAT
005 -DATA I CZAS OSTATNIEJ MODYFIKACJI [,]
    • @
    • pole kontrolne
    • 20241231092458.0
020 -Międzynarod. znormalizowany nr książki - ISBN [ , ]
    • a
    • Numer ISBN
    • 8373380507 Find
040 -Instytucja sporządzająca opis [ , ]
    • a
    • Instytucja, która sporządziła opis (NP)
    • WR O/IS
    • c
    • Instytucja, która sporządziła rekord (NP)
    • WR O/IS
    • d
    • Instytucja, która zmodyfikowała rekord (P)
    • WR O/PC
    • d
    • Instytucja, która zmodyfikowała rekord (P)
    • WR O/ISs
942 -Rodzaj dokumentu [ , ]
    • c
    • Rodzaj dokumentu
    • Książka
100 -Hasło główne - nazwa osobowa [1, ]
    • a
    • Nazwa osobowa (NP)
    • Światłowski, Zbigniew.
    • 9
    • KHW
    • 99347
245 -Strefa tytułu i oznaczenia odpowiedzialności [1,0]
    • a
    • Tytuł
    • Lese- und Lebenserfahrungen mit der deutschsprachigen Literatur 1890-1945 : Find
    • b
    • Ciąg dalszy tytułu (NP)
    • eine Literaturgeschichte für Buchliebhaber / Find
    • c
    • Pozostałe elementy strefy tytułu i oznaczenia odpowiedzialności (NP)
    • Zbigniew Światłowski.
260 -Strefa adresu wydawniczego [ , ]
    • a
    • Miejsce wydania (P)
    • Rzeszów :
    • b
    • Nazwa wydawcy (P)
    • Wydaw. Uniwersytetu Rzeszowskiego,
    • c
    • Data wydania (P)
    • 2001.
300 -Strefa opisu fizycznego [ , ]
    • a
    • Określenie formy książki i/lub objętość (NP)
    • 637 s., [26] s. tabl. :
    • b
    • Oznaczenie ilustracji (NP)
    • err. ;
    • c
    • Format (NP)
    • 24 cm.
336 -Typ zawartości [ , ]
    • a
    • Termin opisujący typ zawartości
    • Tekst
    • b
    • Kod określający zawartość
    • txt
    • 2
    • Źródło (terminu i kodu)
    • rdacontent
337 -Typ mediów [ , ]
    • a
    • Tryb odtwarzania
    • Bez urządzenia pośredniczącego
    • b
    • Kod typu mediów
    • n
    • 2
    • Źródło (terminu i kodu)
    • rdamedia
338 -Typ/rodzaj nośnika [ , ]
    • a
    • Hasło opisujące typ nośnika
    • Wolumin
    • b
    • Kod typu nośnika
    • nc
    • 2
    • Źródło (terminu i kodu)
    • rdacarrier
504 -Uwaga dot. bibliogr. załącznikowej [ , ]
    • a
    • Uwaga dot. bibliografii załącznikowej
    • Bibliogr. s. 615-625.
504 -Uwaga dot. bibliogr. załącznikowej [ , ]
    • a
    • Uwaga dot. bibliografii załącznikowej
    • Indeksy.
080 -Uniwersalna Klasyfikacja Dziesiętna [ , ]
    • a
    • Symbol klasyfikacji
    • 830(091)"19"=30
080 -Uniwersalna Klasyfikacja Dziesiętna [ , ]
    • a
    • Symbol klasyfikacji
    • +830(436)(091)"19"=30
080 -Uniwersalna Klasyfikacja Dziesiętna [ , ]
    • a
    • Symbol klasyfikacji
    • :82.0=30
650 -Hasło przedmiotowe [ ,7]
    • a
    • Hasło przedmiotowe
    • Literatura niemieckojęzyczna
    • y
    • Określnik chronologiczny
    • 1870-1914
    • x
    • Określnik rzeczowy
    • historia i krytyka.
    • 2
    • Źródło terminu
    • kaba
    • 9
    • KHW
    • 554091
650 -Hasło przedmiotowe [ ,7]
    • a
    • Hasło przedmiotowe
    • Literatura niemieckojęzyczna
    • y
    • Określnik chronologiczny
    • 1900-1945
    • x
    • Określnik rzeczowy
    • historia i krytyka.
    • 2
    • Źródło terminu
    • kaba
    • 9
    • KHW
    • 491235
980 -Symbol UKD [ , ]
    • a
    • UKD
    • 830(091)"19"+830(436)(091)"19":82.0]=30
920 -ISBN [ , ]
    • a
    • ISBN
    • 83-7338-050-7 Find
Sygnatura Status udost. Numer inwentarzowy Data inwentaryzacji Lokalizacja
 2G.165462002-05-13BM
 2G.165472002-05-13BM
 2G.165512002-05-13BM
 2G.165522002-05-13BM
 2G.165532002-05-13BM
 -3G.165502002-05-13BM
GERM.Literatura niemieckojęz. 681G.165482002-05-13BM
 -3G.165492002-05-13BM
Germ. Literaturozn. – niem. 14-3G.165432002-05-13BM
Germ. Literaturozn. – niem. 15-3G.165442002-05-13BM
Germ. Literaturozn. – niem. 16-3G.165452002-05-13BM